Venus rajada: desnudez, sueño, crueldad

Αποθηκεύτηκε σε:
Λεπτομέρειες βιβλιογραφικής εγγραφής
Κύριος συγγραφέας: Didi-Huberman, Georges (Συγγραφέας)
Μορφή: Βιβλίο
Γλώσσα:Ισπανικά
Έκδοση: Madrid Losada 2005
Έκδοση:1a. ed
Σειρά:Artes y Artistas, 1
Θέματα:
Ετικέτες: Προσθήκη ετικέτας
Δεν υπάρχουν, Καταχωρήστε ετικέτα πρώτοι!

MARC

LEADER 00000cam a2200000 a 4500
001 UCF8197
003 CL-VaPUC
008 130802e20050600sp |||||||||||||||||spa|d
020 |a 8496375099 
082 0 4 |a 757.22  |b DID  |2 21 
100 |a Didi-Huberman, Georges  |e author  |9 598908 
245 1 0 |a Venus rajada: desnudez, sueño, crueldad 
250 |a 1a. ed 
300 |a 175 p 
942 |c BK 
945 |d 20130802 12:08:00  |a dcastane 
260 |a Madrid  |b Losada  |c 2005 
650 7 |a DESNUDO EN EL ARTE  |2 CL-VaPUC  |9 444355 
650 0 |a Pintura renacentista  |9 266314 
650 0 |a Filosofía del arte  |9 264951 
583 |a last modification  |c 20130802 12:08:00  |k Rodrigo Vera 
490 0 |a Artes y Artistas, 1 
999 |c 352832  |d 352830 
952 |0 0  |1 0  |4 0  |6 757_220000000000000_DID_2005  |7 0  |8 A  |9 457548  |a BIBART  |b BIBART  |d 2019-11-22  |i 4994264  |o 757.22 DID 2005  |p 4994264  |r 2025-03-13  |w 2019-11-22  |y BK  |k ART